| 000 | 00474nam a2200193Ia 4500 | ||
|---|---|---|---|
| 005 | 20250425161244.0 | ||
| 008 | 250425s9999 xx 000 0 und d | ||
| 020 | _a0675099382 | ||
| 041 | _aeng | ||
| 082 | _a621.31921 | ||
| 100 | _aBOYLESTAD, ROBERT L. | ||
| 245 | 0 | _aINTRODUCTORY CIRCUIT ANALYSIS | |
| 250 | _a4TH ED. | ||
| 260 | _aCOLUMBUS | ||
| 260 |
_aEstados Unidos _bCHARLES E. MERRILL PUBLISHING _c1982 |
||
| 300 | _a788 | ||
| 942 | _c01 | ||
| 010 | _a16258 | ||
| 999 |
_c205573 _d205573 |
||